000 00842nam a2200253Ia 4500
003 OSt
005 20221005091417.0
006 a|||||r|||| 00| 0
007 ta
008 221004b |||||||| |||| 00| 0 eng d
020 _a1403998337 (hbk)
_c3883.05
024 _a86839
037 _b2096, 20/03/2007, Selectbook Service Syndicate
_cTextual
040 _aCRL
_cCRL
_beng
041 _2eng
_aeng
082 _aY:434.615, P6
100 _aConroy Anne C. ..[..et..al..]
_9616136
245 0 _aPoverty aids and hunger
_b breaking the poverty trap in malawi
260 _aNew York
_bPalgrave Macmillan U.S.A
_c2006
300 _axxii, 251p.
_ccm.
650 _aSOCIOLOGY
942 _hY:434.615, P6
_cTEXL
_2cc
999 _c997211
_d997211